Predmet a systém psychologických vied Kapitoly zo všeobecnej psychológie 1
Gespeichert in:
| Hauptverfasser: | , |
|---|---|
| Format: | Buch |
| Sprache: | Slowakisch |
| Veröffentlicht: |
Bratislava
Slovenské pedagogické nakladateľstvo
1975
|
| Schriftenreihe: | Základné pedagogické a psychologické diela
|
| Schlagworte: | |
| Online-Zugang: | Im OPAC anzeigen |
| Tags: |
Keine Tags, Fügen Sie das erste Tag hinzu!
|
MARC
| LEADER | 00000nam a2200000 a 4500 | ||
|---|---|---|---|
| 005 | 20260127134328.0 | ||
| 008 | 180814s1975 xo a 0|000 slo | ||
| 035 | |a vtls001264284 | ||
| 035 | |a SNK000215200 | ||
| 039 | 9 | |a 201808141428 |b VLOAD |c 201808141428 |d VLOAD |c 201605171532 |d VLOAD |c 200809101147 |d mschk03 |y 200412271026 |z VLOAD | |
| 040 | |a SNK |b slo |c SNK |e AACR2 |d STUSCHK1 | ||
| 041 | |a slo | ||
| 044 | |a xo |c SK | ||
| 080 | |a 159.9 |2 2001 | ||
| 100 | 1 | |a Pardel, Tomáš, |d 1918-1998 |9 862 | |
| 245 | 1 | 0 | |a Predmet a systém psychologických vied |b Kapitoly zo všeobecnej psychológie 1 |c Tomáš Pardel, Jozef Koščo |
| 260 | |a Bratislava |b Slovenské pedagogické nakladateľstvo |c 1975 |f Svornosť | ||
| 300 | |a 314 s. |b obr. |c 24 cm | ||
| 490 | 1 | |a Základné pedagogické a psychologické diela | |
| 500 | |a Obsah v ruš., ang. | ||
| 504 | |a Bibliogr. odkazy | ||
| 650 | 0 | 7 | |a psychológia |2 SNKPH |
| 700 | 1 | |a Koščo, Jozef, |d 1920- |4 aut |9 858 | |
| 830 | 0 | |a Základné pedagogické a psychologické diela | |
| 958 | |a OND | ||
| 999 | |c 9977 |d 9977 | ||